| 000 | 00508nam a22001937a 4500 | ||
|---|---|---|---|
| 003 | OSt | ||
| 005 | 20140310183008.0 | ||
| 008 | 130211t xxu||||| |||| 00| 0 eng d | ||
| 020 | _a9789712719158 | ||
| 050 |
_aTX 911 _b.L732 2008. |
||
| 100 | _aLim, Lino Ed. | ||
| 245 |
_aSetting up and managing a small hotel / _cDr. Lino Ed. Lim |
||
| 260 |
_aPasig City : _bAnvil, _c2008. |
||
| 300 |
_a227 p. : _c26 cm. |
||
| 521 | _aTOU | ||
| 650 | _aHotel management. | ||
| 942 |
_2lcc _cBK _kLOC |
||
| 999 |
_c18199 _d18199 |
||